LEADER 02385nas 2200805-a 450 001 996211809703316 005 20230214213019.0 011 $a1435-1102 024 8 $aWWW 49/SOJ-737 024 8 $aeb567253 035 $a(OCoLC)42787623 035 $a(CKB)954933111384 035 $a(CONSER)--2001229152 035 $a(MiFhGG)5CTI 035 $a(MiAaPQ)32254 035 $a(DE-599)ZDB1480651-4 035 $a(EXLCZ)99954933111384 100 $a19991108a19989999 s-- a 101 0 $aeng 135 $aurunu|||||||| 181 $ctxt$2rdacontent 182 $cc$2rdamedia 183 $acr$2rdacarrier 200 10$aArchives of women's mental health 210 $aWien ;$aNew York $cSpringer$d1998- 215 $a1 online resource 300 $aTitle from journal information screen. 300 $aRefereed/Peer-reviewed 311 $a1434-1816 531 $aARCHIVES OF WOMENS MENTAL HEALTH 531 $aARCH WOMENS MENT HEALTH 531 $aARCH WOMEN MENT HLTH 531 $aARCH. WOMENS MENT. HEALTH 606 $aWomen$xMental health$vPeriodicals 606 $aWomen$xPsychology$vPeriodicals 606 $aMental Disorders 606 $aWomen$xpsychology 606 $aWomen's Health 606 $aPsychiatry$2ebps 606 $aWomen's Health$2ebps 606 $aWomen$xMental health$2fast$3(OCoLC)fst01176848 606 $aWomen$xPsychology$2fast$3(OCoLC)fst01176894 606 $aPsychische Störung$2gnd 606 $aZeitschrift$2gnd 606 $aOnline-Ressource$2gnd 606 $aFrau$2swd 608 $aPeriodicals.$2fast 608 $aPeriodicals.$2lcgft 608 $aZeitschrift.$2swd 608 $aOnline-Publikation.$2swd 610 $aPsychology 615 0$aWomen$xMental health 615 0$aWomen$xPsychology 615 12$aMental Disorders. 615 22$aWomen$xpsychology. 615 22$aWomen's Health. 615 7$aPsychiatry. 615 7$aWomen's Health. 615 7$aWomen$xMental health. 615 7$aWomen$xPsychology. 615 7$aPsychische Störung 615 7$aZeitschrift 615 7$aOnline-Ressource 615 07$aFrau. 676 $a616.890082 712 02$aWorld Psychiatric Association.$bSection on Women's Mental Health, 906 $aJOURNAL 912 $a996211809703316 996 $aArchives of women's mental health$92027701 997 $aUNISA LEADER 03310nam 22007575 450 001 9910483592903321 005 20251226203100.0 010 $a3-319-49052-4 024 7 $a10.1007/978-3-319-49052-6 035 $a(CKB)3710000000926190 035 $a(DE-He213)978-3-319-49052-6 035 $a(MiAaPQ)EBC6299266 035 $a(MiAaPQ)EBC5577959 035 $a(Au-PeEL)EBL5577959 035 $a(OCoLC)1066184819 035 $a(PPN)196323525 035 $a(EXLCZ)993710000000926190 100 $a20161031d2016 u| 0 101 0 $aeng 135 $aurnn#008mamaa 181 $ctxt$2rdacontent 182 $cc$2rdamedia 183 $acr$2rdacarrier 200 10$aHardware and Software: Verification and Testing $e12th International Haifa Verification Conference, HVC 2016, Haifa, Israel, November 14-17, 2016, Proceedings /$fedited by Roderick Bloem, Eli Arbel 205 $a1st ed. 2016. 210 1$aCham :$cSpringer International Publishing :$cImprint: Springer,$d2016. 215 $a1 online resource (XVI, 211 p. 60 illus.) 225 1 $aProgramming and Software Engineering,$x2945-9168 ;$v10028 311 08$a3-319-49051-6 327 $aPractice in verification -- Practice in testing -- Future directions of testing and verification for hardware, software, and complex hybrid systems. 330 $aThis book constitutes the refereed proceedings of the 12th International Haifa Verification Conference, HVC 2016, held in Haifa, Israel in November 2016. The 13 revised full papers and one tool paper presented were carefully reviewed and selected from 26 submissions. They are dedicated to advance the state of the art and state of the practice in verification and testing and are discussing future directions of testing and verification for hardware, software, and complex hybrid systems. 410 0$aProgramming and Software Engineering,$x2945-9168 ;$v10028 606 $aSoftware engineering 606 $aComputer science 606 $aCompilers (Computer programs) 606 $aMachine theory 606 $aArtificial intelligence 606 $aComputer networks 606 $aSoftware Engineering 606 $aComputer Science Logic and Foundations of Programming 606 $aCompilers and Interpreters 606 $aFormal Languages and Automata Theory 606 $aArtificial Intelligence 606 $aComputer Communication Networks 615 0$aSoftware engineering. 615 0$aComputer science. 615 0$aCompilers (Computer programs) 615 0$aMachine theory. 615 0$aArtificial intelligence. 615 0$aComputer networks. 615 14$aSoftware Engineering. 615 24$aComputer Science Logic and Foundations of Programming. 615 24$aCompilers and Interpreters. 615 24$aFormal Languages and Automata Theory. 615 24$aArtificial Intelligence. 615 24$aComputer Communication Networks. 676 $a005.1 702 $aBloem$b Roderick$4edt$4http://id.loc.gov/vocabulary/relators/edt 702 $aArbel$b Eli$4edt$4http://id.loc.gov/vocabulary/relators/edt 801 0$bMiAaPQ 801 1$bMiAaPQ 801 2$bMiAaPQ 906 $aBOOK 912 $a9910483592903321 996 $aHardware and Software, Verification and Testing$9772242 997 $aUNINA